00704nam a2200265Ia 4500008004100000020001800041050001000059050001400069100001700083245005200100245002000152250001900172260002100191260001600212260000900228300002100237300002000258300001000278500003300288650002400321650002400345650002900369650002900398700001100427170711s9999 xx 000 0 und d a9780749451097 a651.7 bF754 1998 aFoster, John aEffective writing skills for public relations / cby John Foster. aFourth edition aUnited Kingdom : bKogan Page, c2008 axvi, 270 pages : billustrations ; c23cm. aIncludes appendix and index. aBusiness writing -- aPublic relations -- xHandbooks, manuals, etc. xHandbooks, manuals, etc. aTitle.